Statistics for Serie A 2013-2014 Ranking

Click here to take the quiz!

General Stats

  • This quiz has been taken 30 times
  • The average score is 13 of 20

Answer Stats

Rank Team Points % Correct
1Juventus FC102
100%
3SSC Napoli78
95%
2AS Roma85
95%
4ACF Fiorentina65
89%
5FC Inter Milan60
84%
6Parma FC58
68%
7Torino FC57
68%
8AC Milan57
68%
9SS Lazio56
68%
12UC Sampdoria45
58%
16AC Chievo Verona36
53%
19Bologna FC29
53%
11Atalanta BC50
53%
14Genoa CFC44
53%
13Udinese Calcio44
53%
10Hellas Verona FC54
53%
15Cagliari Calcio39
47%
17US Sassuolo Calcio34
47%
20AS Livorno Calcio25
42%
18Calcio Catania32
37%

Score Distribution

Percentile by Number Answered

Percent of People with Each Score

Your Score History

You have not taken this quiz